Zwierzęta Polskich Lasów - Statystyki

Ogólne statystyki
  • Ten quiz został rozwiązany 761 razy
  • Średni wynik to 5 z 10
Statystyki odpowiedzi
Małe Duże % Poprawnych
Puszczyk Wilk
86%
Zając Jeleń
82%
Borsuk Sarna
79%
Lis Dzik
70%
Kuropatwa Żubr
61%
Bażant Daniel
42%
Ryś Zbik
22%
Jeż Kozica
12%
Wiewiórka Niedzwiedz Brynatny
11%
Kuna Leśna Muflon
7%
Nie znaleziono quizów pasujących do podanych kryteriów
Rozkład punktacji
Procent ludzi z każdym wynikiem
Percentyl według liczby udzielonych odpowiedzi
Twoja historia wyników
Nie rozwiązałeś tego quizu